Statystyki dla Formuła 1 2010 - Rozpoznaj Kierowców na Zdjęciach

Kliknij tutaj aby rozwiązać quiz!

Ogólne statystyki

  • Ten quiz został rozwiązany 29 razy
  • Średni wynik to 13 z 27

Statystyki odpowiedzi

Odpowiedź% Poprawnych
Fernando Alonso
100%
Lewis Hamilton
100%
Michael Schumacher
100%
Robert Kubica
100%
Sebastian Vettel
100%
Nico Rosberg
96%
Felipe Massa
92%
Mark Webber
92%
Jenson Button
72%
Kamui Kobayashi
60%
Rubens Barrichello
48%
Heikki Kovalainen
44%
Nico Hulkenberg
44%
Vitaly Petrov
36%
Sebastien Buemi
32%
Jarno Trulli
28%
Nick Heidfeld
28%
Adrian Sutil
24%
Timo Glock
20%
Vitantonio Liuzzi
20%
Karun Chandhok
16%
Pedro de la Rosa
16%
Jaime Alguersuari
12%
Sakon Yamamoto
12%
Bruno Senna
8%
Christian Klien
4%
Lucas di Grassi
4%

Rozkład punktacji

Percentyl według liczby udzielonych odpowiedzi

Procent ludzi z każdym wynikiem

Twoja historia wyników

Nie rozwiązałeś tego quizu